[Event "Udaipur Lakecity op 1st"]
[Site "Udaipur"]
[Date "2019.09.16"]
[Round "5"]
[White "Satkar, Chirag"]
[Black "Vlassov, Nikolai"]
[Result "1-0"]
[WhiteElo "2052"]
[BlackElo "2384"]
[PlyCount "57"]
[EventDate "2019.09.13"]
[EventType "swiss"]
[EventRounds "10"]
[EventCountry "IND"]
[SourceTitle "EXT 2020"]
[Source "ChessBase"]
[SourceDate "2019.10.17"]
[SourceVersion "1"]
[SourceVersionDate "2019.10.17"]
[SourceQuality "1"]

1. d4 Nf6 2. c4 Nc6 3. Nf3 e6 4. a3 d5 5. Nc3 dxc4 6. e4 Na5 7. Bxc4 Nxc4 8. Qa4+ Nd7 9. Qxc4 Bd6 10. Bg5 Nb6 11. Qe2 f6 12. Bh4 0-0 13. e5 Be7 14. exf6 gxf6 15. 0-0 a5 16. Rac1 Nd5 17. Nxd5 exd5 18. Rfe1 Rf7 19. Rc3 b6 20. Ne5 fxe5 21. Rg3+ Kf8 22. Qxe5 Bf6 23. Bxf6 Rxf6 24. Qg5 Be6 25. Qg7+ Ke8 26. Rf3 Qe7 27. Qxf6 Kd7 28. Qxe7+ Kxe7 29. Rfe3 1-0

[Event "India rating op"]
[Site "India"]
[Date "2019.02.03"]
[Round "10"]
[White "Satkar, Chirag"]
[Black "Dere, Pushkar"]
[Result "0-1"]
[WhiteElo "2014"]
[BlackElo "1702"]
[PlyCount "134"]
[EventDate "2019.02.03"]
[EventType "swiss"]
[EventRounds "11"]
[EventCountry "IND"]
[SourceTitle "EXT 2021"]
[Source "ChessBase"]
[SourceDate "2020.10.23"]
[SourceVersion "1"]
[SourceVersionDate "2020.10.23"]
[SourceQuality "1"]

1. g3 d5 2. Bg2 e5 3. c4 c6 4. b3 Nf6 5. Bb2 Bd6 6. cxd5 cxd5 7. Nc3 d4 8. Nb5 0-0 9. Nxd6 Qxd6 10. Nf3 Nc6 11. d3 Be6 12. 0-0 Rac8 13. Nd2 Bd5 14. Nc4 Qe6 15. e4 dxe3 16. fxe3 Bxg2 17. Kxg2 Rcd8 18. Qe2 Qd5+ 19. Kg1 Qxd3 20. Qxd3 Rxd3 21. Nxe5 Nxe5 22. Bxe5 Ng4 23. Bd4 Nxe3 24. Bxe3 Rxe3 25. Rac1 Rfe8 26. Rc7 R3e7 27. Rfc1 g6 28. Rxe7 Rxe7 29. Kf2 Kg7 30. Rc8 Rd7 31. Ke2 Kf6 32. a4 Kf5 33. Rc4 Ke5 34. Ke3 Kd5 35. Rd4+ Kc6 36. Rc4+ Kb6 37. Rb4+ Kc5 38. Rc4+ Kd5 39. Rd4+ Ke6 40. Re4+ Kf6 41. Rf4+ Kg7 42. Rb4 f5 43. Rb5 Kf6 44. Rc5 Ke6 45. b4 Kd6 46. Rc8 Rc7 47. Rd8+ Ke7 48. Rh8 Kf6 49. Kd3 Kg5 50. b5 Kg4 51. a5 Kh3 52. Ra8 b6 53. a6 Kxh2 54. Rb8 Rc5 55. Rb7 Rxb5 56. Rxh7+ Kxg3 57. Rxa7 g5 58. Rg7 Kg4 59. Kc4 Ra5 60. a7 f4 61. Kb4 f3 62. Rg6 Rxa7 63. Rxb6 Kg3 64. Rg6 g4 65. Kc3 f2 66. Rf6 Ra1 67. Kd2 f1Q 0-1

[Event "Kalyan op 2nd"]
[Site "Kalyan"]
[Date "2019.01.31"]
[Round "5"]
[White "Kulkarni, Vikramaditya"]
[Black "Satkar, Chirag"]
[Result "1-0"]
[WhiteElo "2345"]
[BlackElo "2071"]
[PlyCount "83"]
[EventDate "2019.01.29"]
[EventType "swiss"]
[EventRounds "10"]
[EventCountry "IND"]
[SourceTitle "CBM 188 Extra"]
[Source "ChessBase"]
[SourceDate "2019.02.26"]
[SourceVersion "1"]
[SourceVersionDate "2019.02.26"]
[SourceQuality "1"]

1. c4 Nf6 2. Nc3 g6 3. e4 d6 4. d4 Bg7 5. Nf3 0-0 6. h3 e5 7. dxe5 dxe5 8. Qxd8 Rxd8 9. Bg5 Re8 10. 0-0-0 Na6 11. Bd3 c6 12. Na4 Be6 13. Bd2 Nd7 14. b4 c5 15. b5 Nb4 16. Be2 Nxa2+ 17. Kb2 a6 18. b6 Nb4 19. Bxb4 cxb4 20. Ng5 Nf8 21. c5 Bd7 22. Rxd7 Nxd7 23. Bc4 Re7 24. Rd1 Nf6 25. Rd6 h6 26. Nxf7 Rxf7 27. c6 bxc6 28. Rxc6 Kf8 29. Bxf7 Kxf7 30. Rc7+ Ke6 31. Nc5+ Kd6 32. Nb7+ Ke6 33. Nc5+ Kd6 34. Nb7+ Ke6 35. Rxg7 Nxe4 36. f3 Nc3 37. Nc5+ Kd5 38. b7 Rf8 39. Nxa6 Na4+ 40. Kb3 Nc5+ 41. Nxc5 Kxc5 42. Rc7+ 1-0

[Event "Gujarat op 1st"]
[Site "Ahmedabad"]
[Date "2018.10.12"]
[Round "10"]
[White "Satkar, Chirag"]
[Black "Wagh, Suyog"]
[Result "1/2-1/2"]
[WhiteElo "2089"]
[BlackElo "2312"]
[PlyCount "60"]
[EventDate "2018.10.05"]
[EventType "swiss"]
[EventRounds "10"]
[EventCountry "IND"]
[SourceTitle "CBM 186 Extra"]
[Source "ChessBase"]
[SourceDate "2018.08.24"]
[SourceVersion "1"]
[SourceVersionDate "2018.08.24"]
[SourceQuality "1"]

1. d4 d5 2. c4 c6 3. Nf3 Nf6 4. e3 Bf5 5. Nc3 e6 6. Nh4 Be4 7. f3 Bg6 8. Nxg6 hxg6 9. g3 c5 10. cxd5 exd5 11. Bg2 Nc6 12. 0-0 Qd7 13. Na4 cxd4 14. exd4 b6 15. Re1+ Be7 16. Bf4 0-0 17. Rc1 Rac8 18. Bf1 Na5 19. Rxc8 Rxc8 20. Ba6 Rd8 21. Nc3 Bb4 22. Qd3 Nc4 23. b3 Nd6 24. Rc1 Ba3 25. Re1 Bb4 26. Rc1 Ba3 27. Re1 Bb4 28. Rc1 Ba3 29. Re1 Bb4 30. Rc1 Ba3 1/2-1/2

[Event "Mumbai Mayors Cup 11th"]
[Site "Mumbai"]
[Date "2018.06.07"]
[Round "7"]
[White "Satkar, Chirag"]
[Black "Sidhant, Mohapatra"]
[Result "1/2-1/2"]
[WhiteElo "2040"]
[BlackElo "2370"]
[PlyCount "76"]
[EventDate "2018.06.03"]
[EventType "swiss"]
[EventRounds "10"]
[EventCountry "IND"]
[SourceTitle "CBM 184 Extra"]
[Source "ChessBase"]
[SourceDate "2018.06.28"]
[SourceVersion "1"]
[SourceVersionDate "2018.06.28"]
[SourceQuality "1"]

1. d4 Nf6 2. c4 e6 3. Nc3 Bb4 4. Qc2 d6 5. Bg5 Nbd7 6. e3 b6 7. Nge2 Bb7 8. a3 Bxc3+ 9. Nxc3 0-0 10. f3 c5 11. dxc5 bxc5 12. 0-0-0 Qb6 13. e4 Rab8 14. h4 Rfd8 15. h5 h6 16. Bf4 Ne5 17. Nb5 Bc6 18. Rxd6 Rxd6 19. Bxe5 Bxb5 20. cxb5 Rbd8 21. Bxd6 Qxd6 22. Kb1 Qe5 23. Bc4 Nxh5 24. Rc1 Nf6 25. Bb3 Rc8 26. Qd2 Kf8 27. Rd1 Ke7 28. Qa5 Qb8 29. e5 Nd7 30. f4 Qc7 31. Qe1 Nb6 32. Rd6 c4 33. Rc6 Qd7 34. Qb4+ Ke8 35. Bxc4 Qd1+ 36. Ka2 Rxc6 37. bxc6 Qd4 38. Kb1 Qd1+ 1/2-1/2

[Event "Thane ARMS op 1st"]
[Site "Thane"]
[Date "2018.04.21"]
[Round "4"]
[White "Satkar, Chirag"]
[Black "Samant, Aditya S"]
[Result "1/2-1/2"]
[WhiteElo "1942"]
[BlackElo "1464"]
[PlyCount "113"]
[EventDate "2018.04.21"]
[EventType "swiss (rapid)"]
[EventRounds "9"]
[EventCountry "IND"]
[SourceTitle "CBM 184 Extra"]
[Source "ChessBase"]
[SourceDate "2018.06.28"]
[SourceVersion "1"]
[SourceVersionDate "2018.06.28"]
[SourceQuality "1"]

1. d4 Nf6 2. c4 e6 3. Nc3 Bb4 4. Qc2 d5 5. cxd5 Qxd5 6. Nf3 Qf5 7. Qb3 Nc6 8. h3 0-0 9. Bd2 Bxc3 10. Bxc3 Ne4 11. g4 Qd5 12. Bg2 Qxb3 13. axb3 Rd8 14. e3 f6 15. Ke2 Ne7 16. Nd2 Nxc3+ 17. bxc3 Nd5 18. c4 Nb6 19. b4 c6 20. Rhb1 e5 21. dxe5 fxe5 22. c5 Nd5 23. Ra3 Be6 24. Nf3 Nc7 25. Rc3 Nb5 26. Rcc1 a5 27. bxa5 Rxa5 28. Rb2 Bd5 29. Bf1 e4 30. Nd2 Rda8 31. Ke1 Ra1 32. Rbb1 Rxb1 33. Rxb1 Nc3 34. Rc1 Na2 35. Ra1 Ra4 36. Bg2 Rb4 37. Bxe4 Nc3 38. Ra8+ Kf7 39. Bxh7 Rb5 40. Bd3 Rxc5 41. Ra7 Kf6 42. Rxb7 Ra5 43. Nb1 Na4 44. Bc2 Nc5 45. Rb2 Ra8 46. Nc3 Bf3 47. Rb6 Rh8 48. Bd1 Bg2 49. f3 Nd3+ 50. Kd2 Ne5 51. Ne4+ Kg6 52. Ra6 Rxh3 53. Nf2 Nxf3+ 54. Bxf3 Rxf3 55. Rxc6+ Rf6 56. Rxf6+ gxf6 57. Ke2 1/2-1/2

[Event "Mumbai Mayors Cup 10th"]
[Site "Mumbai"]
[Date "2017.06.10"]
[Round "9"]
[White "Satkar, Chirag"]
[Black "Kiran, Manisha Mohanty"]
[Result "1/2-1/2"]
[WhiteElo "2041"]
[BlackElo "2160"]
[PlyCount "84"]
[EventDate "2017.06.04"]
[EventType "swiss"]
[EventRounds "10"]
[EventCountry "IND"]
[SourceTitle "CBM 178 Extra"]
[Source "ChessBase"]
[SourceDate "2017.06.22"]
[SourceVersion "1"]
[SourceVersionDate "2017.06.22"]
[SourceQuality "1"]

1. d4 Nf6 2. c4 g6 3. Nc3 d5 4. Bg5 Ne4 5. Bh4 Nxc3 6. bxc3 dxc4 7. e3 Be6 8. Nf3 Bg7 9. Be2 Nd7 10. Ng5 Bd5 11. e4 h6 12. exd5 hxg5 13. Bxg5 Nb6 14. Bxc4 Rh5 15. Be3 Nxc4 16. Qa4+ Qd7 17. Qxc4 Qxd5 18. Qxd5 Rxd5 19. Ke2 0-0-0 20. Rhd1 Ra5 21. Rd2 e5 22. dxe5 Bxe5 23. Rxd8+ Kxd8 24. Kd3 b6 25. h4 Ra3 26. Bd2 Ra4 27. g3 Kd7 28. Kc2 c5 29. Kb3 b5 30. Re1 Bf6 31. f3 a5 32. Rh1 Rc4 33. Re1 a4+ 34. Kc2 Kd6 35. Kd3 Kd5 36. a3 b4 37. cxb4 Rd4+ 38. Kc2 Rc4+ 39. Kd3 Rd4+ 40. Kc2 Rc4+ 41. Kd3 Rd4+ 42. Kc2 Rc4+ 1/2-1/2

[Event "Bhubaneswar op 10th"]
[Site "Bhubaneswar"]
[Date "2017.05.27"]
[Round "2"]
[White "Akash Pc, Iyer"]
[Black "Satkar, Chirag"]
[Result "1-0"]
[WhiteElo "2282"]
[BlackElo "2041"]
[PlyCount "129"]
[EventDate "2017.05.26"]
[EventType "swiss"]
[EventRounds "10"]
[EventCountry "IND"]
[SourceTitle "CBM 178 Extra"]
[Source "ChessBase"]
[SourceDate "2017.06.22"]
[SourceVersion "1"]
[SourceVersionDate "2017.06.22"]
[SourceQuality "1"]

1. Nf3 d5 2. g3 Nf6 3. Bg2 c6 4. 0-0 Bf5 5. d3 h6 6. Nbd2 e6 7. b3 Be7 8. Bb2 0-0 9. Re1 a5 10. a3 Bh7 11. e4 Na6 12. Ne5 Nc5 13. Qe2 Qb6 14. Bd4 Qc7 15. f4 Rad8 16. Qf2 Nfd7 17. Nef3 Na6 18. Kh1 Rfe8 19. Bb2 b5 20. Ne5 Nac5 21. Nxd7 Nxd7 22. e5 c5 23. a4 c4 24. bxc4 dxc4 25. dxc4 bxc4 26. Ne4 Bxe4 27. Bxe4 c3 28. Bc1 Nc5 29. Bf3 Qd7 30. Qg2 Rc8 31. Rd1 Qc7 32. Be3 Red8 33. Bd4 Na6 34. Bb7 Nb4 35. Bxc8 Rxc8 36. Rab1 Nd5 37. Rb5 Bb4 38. f5 Qd7 39. Qf3 Rd8 40. Rd3 Qc6 41. Bf2 Qc7 42. Qe4 Qc6 43. Kg1 Rc8 44. f6 g6 45. Qh4 Kh7 46. Rd4 Qc7 47. Qe4 Qc6 48. Qf3 Qc7 49. Qe2 Qc6 50. Rh4 Qc7 51. Qe4 Bf8 52. Kg2 Nb4 53. Bc5 Qd7 54. Rb7 Qd2+ 55. Kh3 Qxc2 56. Rxf7+ Kg8 57. Rxf8+ Rxf8 58. Qxc2 Nxc2 59. Bxf8 Kxf8 60. Rc4 Ne3 61. Rxc3 Nd5 62. Rc5 Nb6 63. Rxa5 Nd5 64. Rxd5 exd5 65. e6 1-0

[Event "Chennai op 9th"]
[Site "Chennai"]
[Date "2017.01.21"]
[Round "4"]
[White "Harshavardhan, GB."]
[Black "Satkar, Chirag"]
[Result "1/2-1/2"]
[WhiteElo "1870"]
[BlackElo "2098"]
[PlyCount "75"]
[EventDate "2017.01.18"]
[EventType "swiss"]
[EventRounds "10"]
[EventCountry "IND"]
[SourceTitle "CBM 176 Extra"]
[Source "ChessBase"]
[SourceDate "2017.03.02"]
[SourceVersion "1"]
[SourceVersionDate "2017.03.02"]
[SourceQuality "1"]

1. d4 d5 2. c4 c6 3. cxd5 cxd5 4. Nc3 Nf6 5. Nf3 Nc6 6. Bf4 Bf5 7. e3 e6 8. Qb3 Qb6 9. Qxb6 axb6 10. Bb5 Nd7 11. Ne5 Ndxe5 12. Bxe5 Kd8 13. Bg3 Bb4 14. 0-0 Ra5 15. a4 Bxc3 16. bxc3 Na7 17. Be2 Bc2 18. Ra2 Bxa4 19. Rfa1 b5 20. Bxb5 Nxb5 21. Rxa4 Rxa4 22. Rxa4 Kd7 23. Rb4 Ra8 24. h4 Ra1+ 25. Kh2 Kc6 26. c4 Na3 27. cxd5+ exd5 28. e4 Rb1 29. Ra4 Nc4 30. Ra8 dxe4 31. Rc8+ Kd5 32. Rd8+ Ke6 33. d5+ Ke7 34. Rc8 b5 35. Rc7+ Kf6 36. Rc6+ Ke7 37. Rc7+ Kf6 38. Rc6+ 1/2-1/2

[Event "Mumbai Mayors Cup 9th"]
[Site "Mumbai"]
[Date "2016.06.05"]
[Round "5"]
[White "Satkar, Chirag"]
[Black "Akash Pc, Iyer"]
[Result "0-1"]
[WhiteElo "2036"]
[BlackElo "2257"]
[PlyCount "104"]
[EventDate "2016.06.02"]
[EventType "swiss"]
[EventRounds "10"]
[EventCountry "IND"]
[SourceTitle "CBM 173 Extra"]
[Source "ChessBase"]
[SourceDate "2016.08.29"]
[SourceVersion "1"]
[SourceVersionDate "2016.08.29"]
[SourceQuality "1"]

1. d4 Nf6 2. c4 e6 3. Nc3 Bb4 4. Qc2 0-0 5. a3 Bxc3+ 6. Qxc3 Ne4 7. Qc2 f5 8. Nf3 b6 9. g3 Bb7 10. Bg2 Nf6 11. 0-0 Qe8 12. b3 Be4 13. Qc3 d6 14. Bb2 Nc6 15. Rad1 Nd8 16. Bc1 Nf7 17. Rfe1 h6 18. Nd2 Bxg2 19. Kxg2 Ng5 20. h4 Nge4 21. Nxe4 Nxe4 22. Qd3 Qg6 23. Bf4 Rae8 24. Rf1 Nf6 25. Bc1 Ne4 26. f4 Rf6 27. Bb2 d5 28. Rc1 Qf7 29. Rf3 Rg6 30. Bc3 Qe7 31. Bb4 Qxh4 32. cxd5 exd5 33. Be1 Qe7 34. b4 c6 35. b5 Qd7 36. bxc6 Rxc6 37. Rxc6 Qxc6 38. Rf1 Rc8 39. Bb4 Qa4 40. Rb1 Rc4 41. Rb2 Qc6 42. Bd2 Qe6 43. Be1 Nf6 44. Rc2 Qe4+ 45. Qxe4 Nxe4 46. Rxc4 dxc4 47. Kf3 Kf7 48. e3 Ke6 49. Ke2 Kd5 50. Kd1 c3 51. Kc2 Kc4 52. a4 a6 0-1

[Event "Mumbai Mayors Cup 9th"]
[Site "Mumbai"]
[Date "2016.06.04"]
[Round "4"]
[White "Swapnil, S Dhopade"]
[Black "Satkar, Chirag"]
[Result "1-0"]
[WhiteElo "2504"]
[BlackElo "2036"]
[PlyCount "75"]
[EventDate "2016.06.02"]
[EventType "swiss"]
[EventRounds "10"]
[EventCountry "IND"]
[SourceTitle "CBM 173 Extra"]
[Source "ChessBase"]
[SourceDate "2016.08.29"]
[SourceVersion "1"]
[SourceVersionDate "2016.08.29"]
[SourceQuality "1"]

1. d4 d5 2. c4 c6 3. Nf3 Nf6 4. g3 Bf5 5. Nc3 e6 6. Nh4 Be4 7. f3 Bg6 8. Qb3 Qb6 9. c5 Qc7 10. Bf4 Qc8 11. e4 Be7 12. Bd6 Bxd6 13. cxd6 0-0 14. e5 Nfd7 15. Nxg6 hxg6 16. Rc1 c5 17. Nb5 Nc6 18. dxc5 Ndxe5 19. f4 Nd7 20. Bh3 b6 21. cxb6 axb6 22. Nc7 Nc5 23. Qxb6 Nd3+ 24. Kd2 Nxc1 25. Rxc1 Rxa2 26. Rxc6 Qd7 27. Nxd5 Rd8 28. Kc2 Raa8 29. Ne7+ Kf8 30. Qc7 Ra7 31. Qxd7 Raxd7 32. Nc8 Rb7 33. Nb6 Ke8 34. Bf1 Kf8 35. b4 f6 36. Ba6 Ra7 37. b5 e5 38. Rc7 1-0

[Event "Mumbai Wealth op"]
[Site "Mumbai"]
[Date "2016.02.01"]
[Round "5"]
[White "Nikhil, Magizhnan"]
[Black "Satkar, Chirag"]
[Result "1/2-1/2"]
[WhiteElo "1601"]
[BlackElo "2070"]
[PlyCount "96"]
[EventDate "2016.01.28"]
[EventType "swiss"]
[EventRounds "9"]
[EventCountry "IND"]
[SourceTitle "CBM 170 Extra"]
[Source "ChessBase"]
[SourceDate "2016.02.25"]
[SourceVersion "1"]
[SourceVersionDate "2016.02.25"]
[SourceQuality "1"]

1. e4 e6 2. d4 d5 3. e5 c5 4. c3 Qb6 5. Nf3 Bd7 6. Bd3 Bb5 7. 0-0 Bxd3 8. Qxd3 Qa6 9. Qd1 cxd4 10. cxd4 Nd7 11. Nc3 Ne7 12. a4 Nc6 13. b3 Qb6 14. Qd3 a6 15. Be3 Be7 16. Rfc1 h6 17. Ne2 0-0 18. Ne1 Na5 19. Rab1 Rfc8 20. Rd1 Nc6 21. f4 Rc7 22. Bd2 Rac8 23. g4 Nb4 24. Qg3 Nc2 25. Nxc2 Rxc2 26. Qf3 Ra2 27. Qd3 Bb4 28. Bxb4 Qxb4 29. Rbc1 Rxc1 30. Rxc1 Rd2 31. Qe3 Rb2 32. Rc3 b5 33. axb5 Qxb5 34. Kf2 Nb6 35. Qd3 Qb4 36. f5 a5 37. fxe6 fxe6 38. Kf3 a4 39. bxa4 Nc4 40. Qg6 Qf8+ 41. Nf4 Nd2+ 42. Ke3 Nf1+ 43. Kf3 Nxh2+ 44. Kg3 Nf1+ 45. Kf3 Nd2+ 46. Ke3 Nf1+ 47. Kf3 Nd2+ 48. Ke3 Nf1+ 1/2-1/2

[Event "Raisoni Memorial op U15"]
[Site "Nagpur"]
[Date "2012.09.21"]
[Round "7"]
[White "Satkar, Chirag"]
[Black "Vignesh, NR."]
[Result "0-1"]
[WhiteElo "1915"]
[BlackElo "2156"]
[PlyCount "112"]
[EventDate "2012.09.17"]
[EventType "swiss"]
[EventRounds "11"]
[EventCountry "IND"]
[SourceTitle "CBM 150 Extra"]
[Source "ChessBase"]
[SourceDate "2012.10.19"]
[SourceVersion "1"]
[SourceVersionDate "2012.10.19"]
[SourceQuality "1"]

1. c4 Nf6 2. Nc3 g6 3. g3 Bg7 4. Bg2 0-0 5. Nf3 d6 6. 0-0 c5 7. a3 Nc6 8. Rb1 e5 9. d3 Re8 10. Bg5 h6 11. Bxf6 Bxf6 12. b4 cxb4 13. axb4 Be6 14. Nd2 Qd7 15. b5 Ne7 16. Qc2 Bg7 17. Ra1 d5 18. cxd5 Nxd5 19. Nxd5 Bxd5 20. Bxd5 Qxd5 21. Rfb1 Rec8 22. Qa2 Qd7 23. Qa4 f5 24. Ra2 a6 25. bxa6 Qxa4 26. Rxa4 Rxa6 27. Rxa6 bxa6 28. Ra1 Rc6 29. Ra2 Kf7 30. Nc4 e4 31. Kf1 Ke6 32. Ke1 Bc3+ 33. Kd1 a5 34. Kc2 Bb4 35. Kb3 exd3 36. exd3 Kd5 37. Nxa5 Bxa5 38. Rxa5+ Kd4 39. g4 fxg4 40. Ra4+ Kxd3 41. Rxg4 Rb6+ 42. Ka4 Rf6 43. Kb5 Ke2 44. Kc5 g5 45. Kd5 Rxf2 46. Ke4 Rxh2 47. Kf5 Rf2+ 48. Kg6 Kf3 49. Ra4 Rh2 50. Kf5 Kg3 51. Ra3+ Kh4 52. Ra4+ Kh5 53. Ra1 Rf2+ 54. Ke4 g4 55. Rh1+ Kg5 56. Ke3 Rf8 0-1

[Event "Raisoni Memorial op U15"]
[Site "Nagpur"]
[Date "2012.09.18"]
[Round "2"]
[White "Ghosh, Diptayan"]
[Black "Satkar, Chirag"]
[Result "1-0"]
[WhiteElo "2417"]
[BlackElo "1915"]
[PlyCount "83"]
[EventDate "2012.09.17"]
[EventType "swiss"]
[EventRounds "11"]
[EventCountry "IND"]
[SourceTitle "CBM 150 Extra"]
[Source "ChessBase"]
[SourceDate "2012.10.19"]
[SourceVersion "1"]
[SourceVersionDate "2012.10.19"]
[SourceQuality "1"]

1. c4 c6 2. g3 d5 3. Nf3 Nf6 4. Bg2 Bf5 5. cxd5 cxd5 6. Qb3 Qb6 7. Nc3 e6 8. d3 Nc6 9. 0-0 Be7 10. Be3 Qxb3 11. axb3 0-0 12. Nd4 Bg6 13. Nxc6 bxc6 14. Na4 Nd7 15. Rfc1 Rfc8 16. Nc5 Nxc5 17. Bxc5 Bxc5 18. Rxc5 Kf8 19. f4 Rab8 20. Rc3 Rc7 21. Ra4 Rcb7 22. Rxc6 Rxb3 23. Rxa7 Rxb2 24. Bf3 R2b7 25. Raa6 Ke7 26. g4 Rd7 27. Kf2 Rbb7 28. Rc8 Rd8 29. Rxd8 Kxd8 30. Ra8+ Ke7 31. Rg8 Rb4 32. Kg3 f5 33. Rxg7+ Kf6 34. Ra7 fxg4 35. Bxg4 Rb6 36. Bf3 Rd6 37. h4 Rd8 38. Ra6 Ke7 39. Bg4 Rd6 40. Ra8 Rd8 41. Rxd8 Kxd8 42. Bxe6 1-0

[Event "Jalgaon op"]
[Site "Jalgaon"]
[Date "2010.11.24"]
[Round "2"]
[White "Satkar, Chirag"]
[Black "Saptarshi, Roy Chowdhury"]
[Result "0-1"]
[WhiteElo "1805"]
[BlackElo "2374"]
[PlyCount "58"]
[EventDate "2010.11.23"]
[EventType "swiss"]
[EventRounds "11"]
[EventCountry "IND"]
[SourceTitle "CBM 139 Extra"]
[Source "ChessBase"]
[SourceDate "2011.01.05"]
[SourceVersion "1"]
[SourceVersionDate "2011.01.05"]
[SourceQuality "1"]

1. c4 e6 2. Nf3 d5 3. d4 c6 4. Nc3 dxc4 5. e3 b5 6. a4 Bb4 7. Bd2 a5 8. axb5 Bxc3 9. Bxc3 cxb5 10. b3 Bb7 11. bxc4 b4 12. Bd2 Nf6 13. Bd3 0-0 14. 0-0 Nbd7 15. Qe2 Ne4 16. Rfb1 f5 17. Ne1 e5 18. f3 Nxd2 19. Qxd2 e4 20. fxe4 fxe4 21. Bf1 Nf6 22. Nc2 Ng4 23. h3 Nf2 24. Ra2 Qc7 25. Na1 Qg3 26. Qe1 Nxh3+ 27. Kh1 Rf2 28. Rbb2 Raf8 29. Rxf2 Nxf2+ 0-1

[Event "IND-ch U15"]
[Site "Mumbai"]
[Date "2009.11.05"]
[Round "6"]
[White "Viani, Antonio Dcunha"]
[Black "Satkar, Chirag"]
[Result "1-0"]
[WhiteElo "2213"]
[BlackElo "1724"]
[PlyCount "73"]
[EventDate "2009.11.01"]
[EventType "swiss"]
[EventRounds "11"]
[EventCountry "IND"]
[SourceTitle "EXT 2011"]
[Source "ChessBase"]
[SourceDate "2010.11.26"]
[SourceVersion "1"]
[SourceVersionDate "2010.11.26"]
[SourceQuality "1"]

1. e4 c5 2. c3 Nf6 3. e5 Nd5 4. d4 cxd4 5. Nf3 e6 6. cxd4 b6 7. Nc3 Nxc3 8. bxc3 Qc7 9. Bd2 Bb7 10. Bd3 d6 11. exd6 Bxd6 12. 0-0 Nd7 13. h3 0-0 14. Re1 Rfd8 15. Qe2 Rac8 16. Ng5 Nf8 17. Rac1 Bf4 18. Be3 Re8 19. c4 Bxe3 20. Qxe3 Rcd8 21. Red1 h6 22. Nf3 Bxf3 23. Qxf3 e5 24. Qg3 Kh8 25. Be4 Qd6 26. Bd5 f5 27. dxe5 Qxe5 28. Qa3 Qe7 29. Qf3 Qe5 30. Rd3 g6 31. Re3 Qd6 32. Rce1 Rxe3 33. Qxe3 Rd7 34. Qxh6+ Rh7 35. Qg5 b5 36. Re8 bxc4 37. Rd8 1-0